01560nam a2200373 a 4500003000500000005001700005008004100022010001000063011001000073020001500083035001100098040000900109082001800118111008000136245007000216260012500286300003000411490008200441590004100523590004100564590004100605590004200646650002700688650002300715650002500738650003500763700005900798830008900857901000700946942001000953949006800963999001701031952013801048CHAP20220329143447.0091028s2004 mx a r 10000 spa d a96970 a97942 a9685748454 a108616 cCHAP04a597.0972bC762 aCongreso Nacional de Ictiología(n9 :d2004 :cVillahermosa, Tab.)92701610aResúmenesc/por María Leandra Salvadores Baledón ...[et al] aVillahermosa, Tab. :bUniversidad Juárez Autónoma de Tabasco. División Académica de Ciencias Biológicas,c2004 a242 p. :bilus., gráfs. 0aColección Eduardo Caballero y Caballero.pMemorias de congresos y simposios aBATCH-UPDb10c20130110lUCH01h0945 aBATCH-UPDb10c20130410lUCH01h0601 aBATCH-UPDb10c20130914lUCH01h0639 aCONVERSIONb10c20130109lUCH01h135414aBiogeografía.91274114aEcología.93513414aIctiología.95727614aPisciculturaxMéxico.9885481 aSalvadores Baledón, María Leandrae, comp.9101866 0aColección Eduardo Caballero y Caballero.pMemorias de congresos y simposios924835 aBK cLIBRO a597.0972 C76bBCcCONGd33724002113842eCONGh111194i108616sb c96970d96970 00102ddc4051708CONGaBCbBCcPA_CONGd2019-12-31fLIBROl0o597.0972 C76p33724002113842r2019-12-31 00:00:00w2019-12-31yLIBRO